LEADER 01415nam 2200409 a 450 001 9910698299803321 005 20051207153613.0 035 $a(CKB)4970000000040530 035 $a(OCoLC)62501905 035 $a(EXLCZ)994970000000040530 100 $a20051207d2005 ua 0 101 0 $aeng 135 $aurmn|---||||| 181 $ctxt$2rdacontent 182 $cc$2rdamedia 183 $acr$2rdacarrier 200 10$aMedicare$b[electronic resource] $ecomments on CMS proposed 2006 rates for specified covered outpatient drugs and radiopharmaceuticals used in hospitals 210 1$aWashington, DC :$cU.S. Government Accountability Office,$d[2005] 215 $a19 pages $cdigital, PDF file 300 $aTitle from title screen (viewed on Nov. 16, 2005). 300 $a"October 31, 2005." 300 $aPaper version available from: U.S. Government Accountability Office, 441 G St., NW, Rm. LM, Washington, D.C. 20548. 300 $a"GAO-06-17R." 320 $aIncludes bibliographical references. 517 $aMedicare 606 $aDrugs$xPrices$zUnited States 606 $aMedicare 615 0$aDrugs$xPrices 615 0$aMedicare. 700 $aSteinwald$b Bruce$01381591 712 02$aUnited States.$bGovernment Accountability Office. 801 0$bGPO 801 1$bGPO 906 $aDOCUMENT 912 $a9910698299803321 996 $aMedicare$93425661 997 $aUNINA